[Event "GER-ch U14 Girls"]
[Site "Willingen"]
[Date "2019.06.10"]
[Round "3"]
[White "Gerber, Anna Sophie"]
[Black "Li, Zixin"]
[Result "1-0"]
[WhiteElo "1473"]
[BlackElo "1284"]
[PlyCount "125"]
[EventDate "2019.06.08"]
[EventType "swiss"]
[EventRounds "9"]
[EventCountry "GER"]
[SourceTitle "CBM 191 Extra"]
[Source "ChessBase"]
[SourceDate "2019.09.30"]
[SourceVersion "1"]
[SourceVersionDate "2019.09.30"]
[SourceQuality "1"]

1. d4 d5 2. c4 e6 3. Nc3 Be7 4. Bf4 Nf6 5. e3 c6 6. cxd5 exd5 7. Bd3 0-0 8. Nge2 Nbd7 9. 0-0 Nh5 10. Bg3 Nxg3 11. Nxg3 Nf6 12. Rc1 Ng4 13. Nf5 Bxf5 14. Bxf5 Nf6 15. Qb3 b6 16. Na4 Qc7 17. Rc2 Ne4 18. Rfc1 Bd6 19. g3 c5 20. Qxd5 Nxg3 21. hxg3 Bxg3 22. dxc5 Rfd8 23. Qg2 Qe5 24. Be4 Bh2+ 25. Qxh2 Qxe4 26. Nc3 Qg6+ 27. Qg2 Qxg2+ 28. Kxg2 bxc5 29. Ne4 Rab8 30. Nxc5 h6 31. Na4 Rd5 32. Rc8+ Rxc8 33. Rxc8+ Kh7 34. Rc7 Ra5 35. Nc3 Kg6 36. Rd7 Kf6 37. Rd5 Rxd5 38. Nxd5+ Ke5 39. Nb4 Kd6 40. Kf3 h5 41. Nd3 g6 42. e4 Ke6 43. Kf4 f6 44. Ke3 g5 45. f3 f5 46. exf5+ Kxf5 47. b4 g4 48. fxg4+ hxg4 49. a4 Ke6 50. Nf4+ Kd6 51. Kd4 Kc6 52. Kc4 Kb6 53. a5+ Kc7 54. Kb5 Kb7 55. Ng2 a6+ 56. Kc5 Kc7 57. b5 axb5 58. Kxb5 Kb7 59. a6+ Ka7 60. Ka5 Kb8 61. Kb6 Ka8 62. Ne3 g3 63. Nd5 1-0